Statistiques concernant Iles de "The World" à Dubaï - Carte

Cliquez ici pour prendre le quiz!

Statistiques générales

  • Ce quiz a été pris 37 fois
  • Le résultat moyen est 53 sur 289

Réponses sur la Carte

Les réponses sont colorées sur une échelle allant du rouge au vert en fonction du pourcentage des utilisateurs qui les ont devinées à leur premier essai. Vous pouvez retrouver ces pourcentages ci-dessous.
 

Statistiques - réponses

CategorieNom de l'île% Correct
CountriesFrance
91%
CountriesEspagne
84%
CountriesIrlande
75%
CountriesRoyaume Uni
72%
CountriesItalie
69%
CountriesIslande
66%
CountriesAllemagne
63%
IslandsIle du Sud (NZ)
56%
CountriesMaroc
53%
CountriesJapon
50%
CountriesPays-Bas
50%
CountriesSoudan
50%
CountriesAfrique du Sud
47%
CountriesAlgérie
47%
CountriesAutriche
47%
StatesCalifornie
47%
CountriesEgypte
47%
StatesFloride
47%
CountriesGrèce
47%
StatesNew York
47%
CountriesNorvège
47%
CountriesSuède
47%
StatesTexas
47%
CountriesTunisie
47%
CountriesArabie Saoudite
44%
CountriesColombie
44%
CountriesEmirats Arabes Unis
44%
CountriesFinlande
44%
CountriesIran
44%
CountriesOman
44%
CountriesPologne
44%
CountriesYemen
44%
CountriesAfghanistan
41%
Countries | StatesGéorgie
41%
IslandsGéorgie du Sud
41%
CountriesIrak
41%
CountriesJordanie
41%
CountriesLiban
41%
CountriesLibye
41%
CountriesMadagascar
41%
CountriesMaldives
41%
CountriesMauritanie
41%
CountriesMoscou
41%
CitiesRio de Janeiro
41%
CountriesTchad
41%
CountriesAngola
38%
CitiesBrasilia
38%
CitiesBuenos Aires
38%
CountriesCongo
38%
CountriesEthiopie
38%
CountriesKenya
38%
CitiesLos Angeles
38%
CountriesMali
38%
CountriesNamibie
38%
CountriesNiger
38%
CountriesNigeria
38%
CitiesOslo
38%
CountriesQatar
38%
CountriesSyrie
38%
CountriesTanzanie
38%
CountriesTurquie
38%
CountriesArgentine
34%
PeninsulasCorée
34%
CountriesCuba
34%
CountriesDanemark
34%
Research StationsDanemark Havn
34%
IslandsIle du Nord (NZ)
34%
CountriesKoweit
34%
CountriesMozambique
34%
CountriesPakistan
34%
CountriesParaguay
34%
CitiesSao Paulo
34%
CountriesSeychelles
34%
CountriesSri Lanka
34%
CountriesUruguay
34%
CountriesZimbabwe
34%
CountriesBotswana
31%
StatesCaroline
31%
CountriesCentrafrique
31%
CountriesChili
31%
CountriesEquateur
31%
IslandsHawaï
31%
CountriesIle Maurice
31%
CountriesLettonie
31%
CountriesMalaisie
31%
StatesOntario
31%
CountriesPanama
31%
CountriesPérou
31%
StatesQuébec
31%
CitiesSantiago
31%
CountriesSomalie
31%
CitiesSt. Petersbourg
31%
CountriesVénézuela
31%
CountriesZambie
31%
CountriesBahreïn
28%
CountriesCameroun
28%
CountriesErythrée
28%
CountriesLibéria
28%
StatesMichigan
28%
CitiesNew Delhi
28%
StatesOhio
28%
CountriesPhilippines
28%
CountriesThailande
28%
CitiesTokyo
28%
StatesColorado
25%
MountainsEverest
25%
CountriesKazakhstan
25%
CitiesKhartoum
25%
CitiesLa Havane
25%
CitiesShanghai
25%
PeninsulasBasse Californie
22%
CountriesFidji
22%
StatesIndiana
22%
CitiesManaus
22%
CountriesMongolie
22%
CitiesMumbai
22%
StatesNevada
22%
CitiesNuuk
22%
StatesPennsylvanie
22%
CountriesTonga
22%
StatesUtah
22%
StatesWyoming
22%
CitiesBeijing
19%
StatesIllinois
19%
CitiesJohannesbourg
19%
StatesMontana
19%
CitiesPerth
19%
CountriesTaiwan
19%
StatesTasmanie
19%
StatesTerre-Neuve-et-Labrador
19%
StatesVirginie
19%
IslandsBermudes
16%
IslandsBornéo
16%
StatesColombie britannique
16%
StatesIowa
16%
IslandsJava
16%
CitiesKatmandou
16%
StatesMinnesota
16%
StatesMissouri
16%
IslandsTahiti
16%
StatesAlberta
13%
CitiesAnchorage
13%
IslandsBora Bora
13%
IslandsGalapagos
13%
CitiesHong Kong
13%
CitiesJuneau
13%
StatesLabrador
13%
CitiesLhassa
13%
CitiesMacao
13%
CountriesPapouasie Nouvelle Guinée
13%
StatesQueensland
13%
CitiesRostov
13%
CitiesSan Diego
13%
CountriesSingapour
13%
IslandsSumatra
13%
IslandsTerre de Feu
13%
CountriesVanuatu
13%
CitiesVenise
13%
CitiesAdélaïde
9%
CitiesBelem
9%
IslandsIle Adélaïde
9%
IslandsIle de Nouvelle Sibérie
9%
IslandsIle Kate
9%
CitiesMourmansk
9%
RegionsPole Sud
9%
CitiesVladivostok
9%
CitiesAcapulco
6%
StatesManitoba
6%
Research StationsNord
6%
StatesNouvelle Galles du Sud
6%
IslandsOahu
6%
CitiesOmsk
6%
TownsOust-Louga
6%
TownsOust Olenek
6%
StatesSaskatchewan
6%
CitiesAlice Springs
3%
IslandsCélèbes
3%
CitiesDarwin
3%
CitiesHuainan
3%
IslandsIle Cook
3%
IslandsIle de Pâques
3%
IslandsIle Falkland
3%
CitiesNanjing
3%
IslandsNouvelle Zemble
3%
CitiesPerm
3%
IslandsSakhalin
3%
CitiesSapporo
3%
CitiesSmolinsk
3%
CapesYork
3%
Ice ShelvesAmery
0%
CitiesAral
0%
CitiesArchangel
0%
TownsArsuk
0%
IslandsAscencion
0%
TownsAttu
0%
CitiesBarnaoul
0%
TownsBatagai
0%
TownsBelogorsk
0%
CitiesBratsk
0%
TownsBulun
0%
CountriesBurma
0%
CapesCap Farvel
0%
CapesCap Morris
0%
Research StationsCasey
0%
Research StationsClaire
0%
CitiesDampier
0%
Research StationsDaneborg
0%
CitiesDarhan
0%
StraitsDavis
0%
IslandsDikson
0%
Research StationsDumont D'Urville
0%
TownsEspérance
0%
RegionsFrederik
0%
TownsGodhavn
0%
MountainsHobbs
0%
CitiesHotan
0%
CitiesIakoutsk
0%
IslandsIle Axel Heiberg
0%
IslandsIle Berkner
0%
IslandsIle Bolchevique
0%
IslandsIle Clarence
0%
IslandsIle Coats
0%
IslandsIle d'Ellesmere
0%
IslandsIle du Couronnement
0%
IslandsIle Palmer
0%
IslandsIle Prince Charles
0%
IslandsIle Robertson
0%
IslandsIle Shetland
0%
IslandsIle Thurston
0%
TownsIlulissat
0%
FjordsIndependence
0%
NunataksJensen Nunatakker
0%
Research StationsJubani
0%
CapesKap Bridgman
0%
TownsKapisillit
0%
TownsKavacha
0%
CitiesKemerovo
0%
TownsKezhma
0%
CitiesKhabarovsk
0%
TownsKhatanga
0%
TownsKhonuu
0%
TownsKioussour
0%
TownsKirensk
0%
IslandsLanai
0%
CitiesMangalore
0%
TownsMarkovo
0%
IslandsMaui
0%
Research StationsMawson
0%
IslandsMolokai
0%
MountainsMont Forel
0%
TownsNarsarsuaq
0%
CitiesNorilsk
0%
CitiesNovorybnoye
0%
TownsNyda
0%
TownsOlenek
0%
Killer WhalesOrcas
0%
CitiesOrenbourg
0%
FjordOscar
0%
TownsOudatchny
0%
TownsOuelen
0%
IslandsPitcairn
0%
TownsPituffik
0%
TownsQaanaaq
0%
RegionsRoi Christian IX
0%
RegionsRoi Wilhelm
0%
TownsSavissivik
0%
CitiesSemeï
0%
IslandsSevernaya Zemlya
0%
Kublai KhanShangdu
0%
TownsSiorapaluk
0%
CitiesSourgout
0%
TownsSoussouman
0%
TownsStrelka
0%
TownsTasilaq
0%
PeninsulasTerre de Peary
0%
TownsTiksi
0%
TownsToura
0%
RiversUlya
0%
TownsUpernavik
0%
TownsUst-Nera
0%
IslandsVaïgatch
0%
StatesVictoria
0%
TownsWyndham
0%
PeninsulasYamal
0%
RiversYeropol
0%
TownsYessey
0%
TownsYukta
0%
TownsZeïa
0%

Distribution des résultats

Percentile par nombre de réponses

% des personnes avec chaque résultat

Votre développement - résultats

Vous n’avez pas pris ce quiz